000 00864nam a22002417a 4500
999 _c175369
_d175369
005 20200914110156.0
010 _aENG-128382
020 _c825.00
_a9789353948030
035 _aEN-111914
037 _bDBAD/PUB
082 _a540
100 _aGanguly,Ananya
245 _aJEE Advanced Chemistry: Physical Chemistry-I/
_cby Ananya Ganguly; edited by Biswajit Das, Shalu Sharma and Ashi Jain
250 _a2nd edition
260 _aNoida
_bPearson
_c2021
270 _a15th floor,Tower-B,Word Trade Tower,Plot no.1,Block-C sec 16,
_bNoida
_e201301
_k04466540100
_mcompanysecretary.india@pearson.com
300 _axvii;Various pages.
_c25cm(pbk)
_bTables, Graphs and Illustrations
500 _aIncludes Hints and Explanations
700 _aDas, Biswajit
700 _aJain, Ashi
700 _aSharma, Shalu
942 _2ddc
_cEN
_h540
_mGAN